000 00997cab a2200217 4500
001 ##L133429
008 060508n2006 000 0 eng u
035 _a(Sirsi) u133429
041 0 _aeng
100 1 _aSweet, Rod
245 0 0 _aWake up call
260 _c2006
490 0 _aConstruction Manager
_vMay 2006, 23(1)
520 _aExamines the regulatory regime relating to scaffolding. The Work at Height Regulations 2005 require all scaffolding to be designed by a competent engineer unless it conforms to a generally recognised standard configuration, whilst the new European Standard, BS EN 12811:2003, which favours modular scaffolding with a rigorous method of calculation, has replaced BS 5973:1993, which adopted a permissible stress approach for the more traditional tube and fitting method.
590 _aIKA090506
650 2 4 _aWORK AT HEIGHT REGULATIONS 2005
650 2 4 _aBS EN 12811-1: 2003
650 2 4 _aBS 5973: 1993
690 _aHealth and safety
_96244
942 _n0
999 _c77000
_d77000